| 000 | 00722nam a22002417a 4500 | ||
|---|---|---|---|
| 003 | UA-OsUOA | ||
| 001 | 34288 | ||
| 007 | ta | ||
| 008 | 20050927b un ||||| |||| 00| 0 ukr d | ||
| 100 | _aКучинский Ю. | ||
| 090 |
_a04(430) _bК89 |
||
| 942 | _cBK | ||
| 040 |
_aUA-OsUOA _brus _cUA-OsUOA _dUA-OsUOA |
||
| 245 | _aТак Это Было в Действительности | ||
| 300 | _a278 с. | ||
| 955 | _a2 | ||
| 041 | _arus | ||
| 080 | _a04(430) | ||
| 260 |
_aМ. _bПрогресс _c1971 |
||
| 246 | 3 | 1 |
_aОбзор двадцатилетней истории Федеративной Республики Германии _n |
| 650 | 7 |
_a0 Загальний відділ. _2UDC |
|
| 999 |
_c320723 _d320723 |
||